000 00582nam a2200193 i 4500
001 27993
003 ES-MaACL
005 20240229184430.0
007 t|
008 030116s1965 sp ||||1| spa d
100 1 _aArbour, Renée.
_922423
245 1 0 _aMiguel Angel /
_cRenée Arbour ; traducción de Juan Massot Gimeno.
260 _aMadrid, etc. :
_bDaimon,
_c[1965]
300 _a255 p., 5 lám. :
_bil. ;
_c21 cm.
600 0 4 _aMichelangelo,
_d1475-1564
_980912
700 1 _aMassot Gimeno, Juan.
_978859
852 _aES-MaACL
_jC-33279
_bR.64127
999 _c27993
_d27993